| 000 | 04879cam a22013094i 4500 | ||
|---|---|---|---|
| 003 | PE-LiUPU | ||
| 005 | 20250813185424.0 | ||
| 008 | 180616s2016 ag rb 000 0 spa d | ||
| 020 | _a9875917885 | ||
| 020 | _a9789875917880 | ||
| 035 | _a(Sirsi) a249744 | ||
| 040 |
_aPE-LiUPU _bspa _cPE-LiUPU _erda |
||
| 082 | 0 | 4 |
_a372.372 _bR81 2017 |
| 082 | 0 | 4 |
_a361.3 _bA66 2016 |
| 082 | 0 | 4 |
_a361.32 _bA66 _223 |
| 100 | 1 |
_aAraya, Silvina Andrea, _eautor. |
|
| 245 | 0 | 0 |
_aIntervenciones psicosociales en emergencias y desastres : _bconstrucciones desde la experiencia / _cSilvina Andrea Araya [y otros diecisiete] ; compilado por Maricel Costa. |
| 250 | _aPrimera edición. | ||
| 264 | 1 |
_aCórdoba : _bEditorial Brujas, _c2016. |
|
| 300 |
_a191 páginas; _c23 centimetros |
||
| 336 |
_atext _2rdacontent |
||
| 337 |
_aunmediated _2rdamedia |
||
| 338 |
_avolume _2rdacarrier |
||
| 504 | _aBibliografía al finalizar cada capítulo. | ||
| 505 | 0 | _aHacia una cultura de la prevención psicosocial en situaciones de emergencia y desastre -- Intervención psicosocial en situaciones de desastre -- Particularidades de la intervención en crisis como estrategia de intervención comunitaria en desastres y catástrofes -- Intervención psicosocial con la comunidad de Iquique en el terremoto 2014. La experiencia de ONG psicólogos voluntarios de Chile -- Entrevista -- Compromiso social universitario en el marco del modelo de gestión psicosocial de riesgos en emergencias y desastres -- De vecinos afectados por un desastre a actores sociales políticamente activos -- Recuperación de espacios comunes en desastres: Una mirada desde la gestión psicosocial del riesgo -- La importancia del hacer colectivo y el tejido social en situación de catástrofe -- Desastres naturales y participación ciudadana -- Vida cotidiana, salud mental e impactados. Inundaciones en las Sierras Chicas: antes y después de la vida cotidiana -- Participación comunitaria en la fase de posdesastre -- Los damnificados invisibles. | |
| 526 | _aP202 | ||
| 526 | _aP201 | ||
| 526 | _aP163 | ||
| 526 | _aP162 | ||
| 526 | _aP161 | ||
| 526 | _aP160 | ||
| 526 | _aP148 | ||
| 526 | _aP147 | ||
| 526 | _aP146 | ||
| 526 | _aP145 | ||
| 526 | _aP144 | ||
| 526 | _aP143 | ||
| 526 | _aP142 | ||
| 526 | _aP141 | ||
| 526 | _aP140 | ||
| 526 | _aP139 | ||
| 526 | _aP138 | ||
| 526 | _aP137 | ||
| 526 | _aP136 | ||
| 526 | _aP135 | ||
| 526 | _aP134 | ||
| 526 | _aP133 | ||
| 526 | _aP129 | ||
| 526 | _aP128 | ||
| 526 | _aP127 | ||
| 526 | _aP120 | ||
| 526 | _aP119 | ||
| 526 | _aP118 | ||
| 526 | _aP116 | ||
| 526 | _aP115 | ||
| 526 | _aP114 | ||
| 526 | _aP110 | ||
| 526 | _aP109 | ||
| 526 | _aP108 | ||
| 526 | _aP104 | ||
| 526 | _aP103 | ||
| 526 | _aP102 | ||
| 526 | _aP99 | ||
| 526 | _aP98 | ||
| 526 | _aP97 | ||
| 526 | _aP96 | ||
| 526 | _aP95 | ||
| 526 | _aP93 | ||
| 526 | _aP90 | ||
| 526 | _aP89 | ||
| 526 | _aP88 | ||
| 526 | _aP83 | ||
| 526 | _aP82 | ||
| 526 | _aP62 | ||
| 526 | _aP59 | ||
| 526 | _aP58 | ||
| 526 | _aP57 | ||
| 526 | _aP51 | ||
| 526 | _aP49 | ||
| 526 | _aP48 | ||
| 526 | _aP47 | ||
| 526 | _aP29 | ||
| 526 | _aP24 | ||
| 526 | _aP20 | ||
| 526 | _aP19 | ||
| 526 | _aP17 | ||
| 526 | _aP15 | ||
| 526 | _aP14 | ||
| 526 | _aP12 | ||
| 526 | _aP10 | ||
| 526 | _aP09 | ||
| 526 | _aP08 | ||
| 526 | _aP07 | ||
| 526 | _aP06 | ||
| 526 | _aP05 | ||
| 526 | _aP04 | ||
| 526 | _aP01 | ||
| 541 | _g002-00000235; | ||
| 541 | _gF002-00000832; | ||
| 541 | _gF002-00000791; | ||
| 650 | 0 | 4 | _aGestión psicosocial de riesgos. |
| 910 |
_agvs _d20180822 |
||
| 910 |
_armch _btqv _cjfb _d20190122 |
||
| 910 |
_adbm _bsag _csag _d20190305 |
||
| 942 |
_2ddc _cBOOK |
||
| 949 |
_a361.3 A66 2017 _wDEWEY _c1 _iFT03699 _lCCODEBUT1 _mBUT _p{Dolar}56.00 _r0 _sY _tBOOK _u2018-08-22 _xFSALUD _PP33 _o.STAFF. Colección General Tarapoto |
||
| 949 |
_a361.3 A66 2016 _wDEWEY _c1 _iFJ12391 _lCCODEBUJ1 _mBUJ _p17.00 _r0 _sY _tBOOK _u2019-01-22 _xSALUD _zPSICOLOGÍA _0COMPRA _o.STAFF. Colección General Juliaca |
||
| 596 | _a1 2 3 | ||
| 999 |
_a361.3 A66 2017 _wLC _c29275 _iFT03699 _d29275 _e2019-4-30 _f2019-2-20 _g1 _lCCODEBUT1 _mBUT _n2 _p56.00 _r0 _sY _tBOOK _u2018-8-22 _xSALUD _zP33 _0COMPRA _o.STAFF. Colección General Tarapoto |
||
| 999 |
_a361.3 A66 2016 _wDEWEY _c1 _iFJ12391 _f2022-1-18 _g2 _lREPAIR _mBUJ _p17.00 _r0 _sY _tBOOK _u2019-3-5 _xSALUD _zP33 _0COMPRA _1FCOMPR2 _2UNKNOWN _o.STAFF. Colección General Juliaca |
||
| 999 |
_a361.32 A66 _wDEWEY _c1 _i79966 _f2021-11-3 _g2 _lCCODEBUL1 _mBUL _p14.79 _r0 _sY _tBOOK _u2019-3-5 _xSALUD _zP33 _0COMPRA _1FCOMPR2 _o.STAFF. Colección Ciencias de la Salud |
||
| 980 |
_81 _gALBERTO SANCHEZ Responsable de Automatización |
||